Countries A-Z Closest To An Unknown Country #14 - Statistics

General Stats
  • This quiz has been taken 971 times
    938 since last reset
  • The average score is 21 of 25
Answer Stats
Letter Country % Correct
Y Yemen
93%
F France
92%
O Oman
92%
Q Qatar
92%
U United Kingdom
91%
D Denmark
90%
G Germany
90%
Z Zambia
90%
B Belgium
88%
H Hungary
88%
I Italy
88%
A Austria
86%
E Estonia
86%
V Vatican City
86%
J Jordan
83%
P Poland
83%
L Luxembourg
82%
K Kosovo
81%
R Romania
81%
S Switzerland
81%
M Monaco
80%
N Netherlands
80%
C Croatia
77%
Unknown Country: Liechtenstein
68%
T Tunisia
67%
No matching quizzes found
Score Distribution
Percent of People with Each Score
Percentile by Number Answered
Your Score History
You have not taken this quiz since the last reset